000 005800000a22001810004500
003 MACL
005 20160528145830.0
008 160528b xxu||||| |||| 00| 0 eng d
040 _aMACL
_cMACL
041 _aHindi
082 _a891.433 PAT
100 _aपटेल, पन्‍नालाल
_956964
245 _aअमावस्‍या की उजली रात
_cपन्‍नालाल पटेल
260 _bकिताब घर
_c1993
_aनई दिल्‍ली
350 _a70
650 _aNovel
_960592
942 _cHIN
_k891.433/PAT/N
_2ddc
999 _c20169
_d20169